Missing Word: Blue Things Quiz Stats

 Plays Quiz Updated Oct 24, 2019

Score 0/20 Timer 03:00
0 Plays Today
Hint Answer % Correct
Blue ________Jeans
94.4%
Blue ________Whale
94.4%
Blue ________ ShoesSuede
89.4%
Toronto Blue ________Jays
85.3%
________ Boy BlueLittle
82.4%
The Blue ________ GroupMan
78.5%
Blue Öyster ________Cult
78.4%
________ and BlueBlack
77.4%
Having Blue ________Blood
73.8%
Blue Screen of ________Death
72.6%
Hint Answer % Correct
Pabst Blue ________Ribbon
69.2%
Picasso's Blue ________Period
61.3%
Blue ________Nile
52.2%
Blue ________Velvet
44.4%
Blue ________Mosque
39.4%
Blue ________Planet
38.6%
________ up in BlueTangled
37.7%
Blue ________Mountains
36.3%
Blue ________Curaçao
33.9%
________ Blue HoleGreat
19.9%

Today's Daily Dose

Missing Word
Banned Books (A-Z)

Word Ladder
Janis Joplin

Get the Picture
Occupations

You're not logged in!

Compare scores with friends on all Sporcle quizzes.
OR
Log In

Sporcle TV

Today on Sporcle TV


Watch our educational content, quiz creation guides, and fun videos on Sporcle TV.

Show Comments

Extras

Top Quizzes Today


Score Distribution

Your Account Isn't Verified!

In order to create a playlist on Sporcle, you need to verify the email address you used during registration. Go to your Sporcle Settings to finish the process.

Report this User

Report this user for behavior that violates our Community Guidelines.

Details: